| 000 | 00988nam a22002177a 4500 | ||
|---|---|---|---|
| 005 | 20210525093845.0 | ||
| 008 | 210525b sp ||||| |||| 00| 0 spa d | ||
| 020 | _a9788491235101 | ||
| 050 | 0 | 4 |
_aF1227.5 _bS47 2018 |
| 100 | 1 | _aSerrano, José Antonio | |
| 245 | 1 | 1 |
_a¡A las armas! : _bmilicia cívica, revolución liberal y federalismo en México (1812-1846) / _cJosé Antonio Serrano, Manuel Chust |
| 246 | 3 | 0 | _aMilicia cívica, revolución liberal y federalismo en México (1812-1846) |
| 260 |
_aMadrid : _bMarcial Pons : _b[Michoacán] : Universidad Michoacana de San Nicolás de Hidalgo, Instituto de Investigaciones Históricas, _c2018 |
||
| 300 |
_a173 páginas ; _c24 cm |
||
| 490 | _aHistoria contemporánea de América | ||
| 651 | 7 |
_2lemb _aMéxico _xHistoria militar _ySiglo XIX |
|
| 651 | 7 |
_2lemb _aMéxico _xHistoria _yGuerra de Independencia, 1810-1821 |
|
| 651 | 7 |
_2lemb _aMéxico _xHistoria _y1821-1861 |
|
| 700 | 1 |
_aChust Calero, Manuel, _eautor |
|
| 942 |
_2lcc _cLIB |
||
| 999 |
_c155844 _d155842 |
||